Score 0/27 Timer 08:00
0 Plays Today
Growth Rate Country % Correct
3.68%Niger
84.4%
3.21%Ethiopia
78.6%
2.69%Kenya
72.7%
2.82%Somalia
71.4%
2.69%Uganda
64.9%
2.78%Rwanda
62.7%
2.77%Mali
61.7%
2.71%Togo
61.7%
2.75%Republic of Congo
60.7%
2.67%Liberia
60.1%
3.69%United Arab Emirates
58.4%
2.98%Benin
58.1%
2.71%Senegal
57.5%
2.70%Equatorial Guinea
57.5%
Growth Rate Country % Correct
2.57%Guinea
55.8%
3.45%Yemen
54.2%
3.00%Madagascar
53.6%
2.67%The Gambia
52.3%
3.28%Burundi
51.6%
3.21%Democratic Republic of Congo
51%
2.58%Eritrea
50.6%
3.14%Oman
50%
3.10%Burkina Faso
45.1%
3.55%Kuwait
42.9%
2.63%Afghanistan
38.6%
3.09%Sao Tome and Principe
33.1%
2.77%Comoros
32.5%
Come Together.
Have Fun.
All Virtual.
We all need to come together. Play Sporcle's virtual live trivia to have fun, connect with people, and get your trivia on. Join a live hosted trivia game for your favorite pub trivia experience done virtually. If a virtual private party is more your thing, go here for details.

You're not logged in!

Compare scores with friends on all Sporcle quizzes.
OR
Log In

Sporcle TV

Today on Sporcle TV


Watch our educational content, quiz creation guides, and fun videos on Sporcle TV.

Show Comments

Extras

Top Quizzes Today


Score Distribution

Paid Content

Your Account Isn't Verified!

In order to create a playlist on Sporcle, you need to verify the email address you used during registration. Go to your Sporcle Settings to finish the process.

Report this User

Report this user for behavior that violates our Community Guidelines.

Details: